000
00301nam a2200133Ia 4500
005
20251222153557.0
008
251222s9999||||xx |||||||||||||| ||spa||
082
_a
616/B47
100
_a
Bethlem, Jaap
245
0
_a
Enfermedades Neuromusculares
250
_a
1ra.ed.
264
_b
ASEM
942
_c
LIB
999
_c
31061
_d
31061